La gaviota
Kaydedildi:
| Yazar: | |
|---|---|
| Materyal Türü: | Kitap |
| Dil: | İspanyolca |
| Baskı/Yayın Bilgisi: |
Barcelona
Mateu
1900
|
| Seri Bilgileri: | <La >hoja perenne
|
| Konular: | |
| Etiketler: |
Etiketle
Etiket eklenmemiş, İlk siz ekleyin!
|
MARC
| LEADER | 00000nam a2200000 a 4500 | ||
|---|---|---|---|
| 001 | UCS6271 | ||
| 003 | CL-VaPUC | ||
| 008 | 970917e19000000SP |||||||||||||||||spa|d | ||
| 082 | 0 | 4 | |a 863 |b CAB |2 21 |
| 100 | 0 | |a Caballero, Fernán |e author |9 378233 | |
| 245 | 1 | 3 | |a La gaviota |
| 300 | |a 276 p | ||
| 942 | |c BK | ||
| 945 | |d 19970917 00:00:00 |a jquezada | ||
| 260 | |a Barcelona |b Mateu |c 1900 | ||
| 650 | 0 | |a Novelas españolas |9 265052 | |
| 583 | |a last modification |c 19970917 00:00:00 |k Rodrigo Vera | ||
| 490 | 0 | |a <La >hoja perenne | |
| 999 | |c 262211 |d 262209 | ||
| 952 | |0 0 |1 0 |4 0 |6 863_000000000000000_CAB_1900 |7 0 |8 A |9 290463 |a BIBEDU |b BIBEDU |d 2019-11-19 |i 3351378 |o 863 CAB 1900 |p 3351378 |r 2019-11-19 |w 2019-11-19 |y BK |k LIT | ||